000
00333nam a2200145Ia 4500
008
191201s2008 xx 000 0 und d
082
_a
620.106
_b
RAT
100
_a
RATTAN, S S
245
0
_a
Textbook of Fluid Machines
250
_a
Rep.
260
_a
N.Delhi
_b
TMH
_c
2008
300
_a
392
650
_a
B.Tech(ME)
942
_2
ddc
_c
BK
999
_c
3558
_d
3558